000 00478 a2200169 4500
020 _a0-07-112842-5
020 _a0-07-911437-7
040 _aDLC
_bDLC
082 _a658.5
082 _a658.5
100 1 _aSchroeder, Roger G.
245 0 0 _aOperations management : decision making in the operations function
_cRoger G. Schroeder
250 _a4. internat., ed.
260 _aNew York, N.Y.:
_bMcGraw-Hill,
_c1993
300 _axvi, 848 s.:
_bill.
942 _cBK
_k658.5 SCH
_2ddc
999 _c8667
_d8667